| 000 | 01122cam a2200301 a 4500 | ||
|---|---|---|---|
| 001 | 12858191 | ||
| 003 | NUST-PNEC | ||
| 005 | 20170116180734.0 | ||
| 008 | 020717s2003 nyua b 000 0 eng | ||
| 010 | _a 2002029590 | ||
| 020 | _a0071406387 | ||
| 040 |
_aDLC _cPNEC _dDLC |
||
| 050 | 0 | 0 |
_aZ103 _b.H46 2003 |
| 082 | 0 | 0 |
_a005.82 HER _221 |
| 100 | 1 |
_aHershey, J. E. _q(John E.) |
|
| 245 | 1 | 0 |
_aCryptography demystified / _cJohn E. Hershey. |
| 260 |
_aNew York : _bMcGraw-Hill, _cc2003. |
||
| 300 |
_ax, 356 p. : _bill. ; _c24 cm. |
||
| 500 | _aIncludes index. | ||
| 650 | 0 | _aCryptography. | |
| 650 | 0 |
_aCryptography _vProblems, exercises, etc. _xComputer, MIS |
|
| 856 | 4 | 2 | _uhttp://www.amazon.com/Cryptography-Demystified-John-Hershey/dp/0071406387/ref=sr_1_1?s=books&ie=UTF8&qid=1416468622&sr=1-1&keywords=0071406387 |
| 856 | 4 | 1 | _3Table of contents |
| 856 | 4 | 2 | _3Publisher description |
| 906 |
_a7 _bcbc _corignew _d1 _eocip _f20 _gy-gencatlg |
||
| 942 |
_2ddc _cBK |
||
| 999 |
_c61883 _d61883 |
||